Psokologi Sosial Alam Remaja

Bibliographic Details
Main Author: Azizi Yahaya
Format: Book
Published: Pahang : PTS Pub. , 2005
Subjects:

MARC

LEADER 00000cam a2200000 7i4500
001 0000053745
005 20060502.0
008 060502s2005
020 |a 9831927710 
090 0 0 |a 155.53 AZI 
100 0 |a Azizi Yahaya 
245 0 0 |a Psokologi Sosial Alam Remaja   |c Azizi Yahaya, Jaafar Sidek Latif, Shahrin Hashim, Yusof Boon 
260 |a Pahang :   |b PTS Pub. ,   |c 2005 
300 |a xii,327p. ;   |c 22cm. 
650 0 0 |a Adolescents psychology 
999 |a 255212   |b Buku   |c Rak Terbuka   |e Perbadanan Perpustakaan Awam Melaka 
999 |a 293300   |b Buku   |c Rak Terbuka   |e Perbadanan Perpustakaan Awam Melaka 
999 |a 293301   |b Buku   |c Rak Terbuka   |e Perpustakaan Cawangan Masjid Tanah 
999 |a 293302   |b Buku   |c Rak Terbuka   |e Perpustakaan Cawangan Merlimau 
999 |a 293303   |b Buku   |c Rak Terbuka   |e Perpustakaan Cawangan Jasin 
999 |a 293305   |b Buku   |c Rak Terbuka   |e Perbadanan Perpustakaan Awam Melaka